| 000 | 01860cam a2200301 a 4500 | ||
|---|---|---|---|
| 001 | 16023879 | ||
| 003 | OSt | ||
| 005 | 20210414114449.0 | ||
| 008 | 091215s2011 nyua 001 0 eng | ||
| 010 | _a 2009052795 | ||
| 020 | _a9780073511993 | ||
| 020 | _a0073511994 (alk. paper) | ||
| 040 |
_aDLC _cDLC _dDLC |
||
| 050 | 0 | 0 | _aPN4781.M4 |
| 082 | 0 | 0 |
_a070.4/3 _222 |
| 100 | 1 | _aMencher, Melvin. | |
| 245 | 1 | 0 |
_aMelvin Mencher's news reporting and writing. / _cMelvin Mencher. |
| 250 | _a12th ed. | ||
| 260 |
_aNew York : _bMcGraw-Hill Higher Education, _c2011. |
||
| 300 |
_axx,618p. : _bill. ; _c24 cm. |
||
| 500 | _aIncludes indexes. | ||
| 505 | _aContents: The reporter at work: On the job -- The basics: Components of the story -- Writing the story: What is news? -- The internet and other tools of the trade -- The lead -- Story structure -- The writer's art -- Features, long stories and series -- Broadcast newswriting -- Writing news releases -- Reporting principles: Digging for information -- Making sound observations -- Building and using background -- Finding, cultivating and using sources -- Interviewing principles and practices -- Speeches, meetings and news conferences -- Hunches, feelings and stereotypes -- Accidents to education: Accidents and disasters -- Obituaries -- The police beat -- The courts -- Sports -- Business reporting -- Local government and education -- Laws, taste and taboos, codes and ethics: Reporters and the law -- Taste: Defining the appropriate -- The morality of journalism. | ||
| 650 | 0 | _aReporters and reporting. | |
| 650 | 0 |
_aJournalism _xAuthorship. |
|
| 906 |
_a7 _bcbc _corignew _d1 _eecip _f20 _gy-gencatlg |
||
| 942 |
_2lcc _cBK |
||
| 999 |
_c5574 _d13074 |
||